000 00616nam a2200241 a 4500
001 0001-1064
003 ELIB.Books
008 141212 2010 eng
020 _a0801044332
035 _a(ELIB.Books)0001-1219
092 _aFic
_bLar
100 _aLarsen, Carolyn
245 _aLittle Boys Bible Story Book for Mothers and Sons
260 _aGrand Rapids
_bBaker Book House
_c2005
300 _a359
_c19.5Cm
500 _aLibrary
650 _aFiction
856 _nKBTS; Library
_uKBTS; Elib.
942 _2ddc
_cBK
990 _a1
998 _cbat
_e2014-12-12
999 _c11064
_d11064